|
|
|
|
| LEADER |
00000nab a2200000 a 4500 |
| 001 |
vtls000501729 |
| 003 |
SK-MaSNL |
| 005 |
20260318132550.0 |
| 008 |
160202c1993 xo 0 hun |
| 015 |
|
|
|a SNBRB19rr/mm-uuuuu
|
| 035 |
|
|
|a CL0501867
|
| 040 |
|
|
|a SNKBUCL
|b slo
|c SNKBUCL
|e AACR2
|
| 041 |
0 |
|
|a hun
|
| 044 |
|
|
|a xo
|c SK
|
| 080 |
|
|
|a 373.3(437.6=945.11):372.8
|2 1981
|
| 080 |
|
|
|a 374:78
|2 1981
|
| 080 |
|
|
|a 376.7(437.6=945.11
|2 1981
|
| 100 |
1 |
|
|a Máté, Dénes
|4 aut
|9 1218132
|
| 245 |
1 |
0 |
|a Boci, boci, tarka...
|b Gondolatok zenei neveltetésünk alapvető problémáiról
|c Dénes Máté, Eva Klenovská, László Tisza K.
|
| 610 |
2 |
7 |
|a Ľudová škola umenia (Rožňava, Slovensko)
|2 snkbucl
|9 34348
|
| 650 |
0 |
7 |
|a Základná škola s vyučovacím jazykom maďarským, Rožňava
|2 snkbucl
|9 1218133
|
| 650 |
0 |
7 |
|a hudobná výchova
|2 snkbucl
|9 1662
|
| 651 |
|
7 |
|a 5408
|2 snkbucl
|9 279318
|
| 655 |
|
7 |
|a články z novín a časopisov
|2 snkbucl
|9 267496
|
| 700 |
1 |
|
|a Klenovská, Eva
|4 aut
|9 1050803
|
| 700 |
1 |
|
|a Tisza K., László
|4 aut
|9 895662
|
| 773 |
0 |
|
|t Szabad újság
|g Roč. 1, č. 20 (1993), s. 12
|
| 850 |
|
|
|a Slovenská národná knižnica v Martine
|a DSG001
|
| 852 |
|
|
|a SNK
|b KIS3GCP
|
| 958 |
|
|
|a RK
|
| 958 |
|
|
|a HU
|
| 992 |
|
|
|a RBX
|
| 999 |
|
|
|c 2134739
|d 2136669
|